00853nam a22002411 450000100060000000300080000600500170001400800390003103500190007003500190008904000420010804100080015008200210015810000520017924500870023126000530031830000510037150400260042265000390044865000380048770000480052570000380057321132BD-RjUL20211209000642.0140303s1946 nyu 000 0 eng a(BD-RjUL)21196 a(OCoLC)1455518 aDLCcTxU-DadOCoLCdDLCdBD-RjULbeng aeng a810.82bROM 19461 aRolfe, Franklin P.q(Franklin Prescott),d1902-14aThe modern omnibus /cFranklin P. Rolfe, William H. Davenport [and] Paul Bowerman. aNew York :bHarcourt, Brace and company,cc1946. axi, 1071 p. :bill. (maps, facsims.) ;c24 cm. aBibliography: p. 182. 0aAmerican literaturey20th century. 0aEnglish literaturey20th century.1 aDavenport, William Henry,d1908-ejoint ed.1 aBowerman, Paul,d1898-ejoint ed.